| 000 | 00759nam a22002177a 4500 | ||
|---|---|---|---|
| 999 |
_c16474 _d16474 |
||
| 003 | AR-CdUCM | ||
| 008 | 190503b ||||| |||| 00| 0 spa d | ||
| 040 |
_aMUNICIPALIDAD PROVINCIAL DEL CUSCO _cBIBLIOTECA MUNICIPAL DEL CUSCO |
||
| 082 |
_a338.9 / _bA34 |
||
| 100 |
_aAlba, Victor _935937 |
||
| 245 | _aHistoria del desarrollo económico / | ||
| 260 |
_aMexico : _bCosta-Amic, _c1965. |
||
| 300 |
_a108 páginas ; _c19 cm. |
||
| 440 |
_aManuales de educación cívica _935938 |
||
| 505 | _aEl mundo antiguo -- El desarrollo en Europa -- El desarrollo Norteamericano -- El desarrollo Ruso -- América Latina... | ||
| 650 |
_aDesarrollo. _92021 |
||
| 650 |
_aEconomía. _9382 |
||
| 650 |
_aHistoria económica. _913 |
||
| 942 |
_2ddc _cLIBROS |
||
| 945 | _awfj | ||